| 000 | 01245nam a2200289 4500 | ||
|---|---|---|---|
| 001 | 0000021266 | ||
| 003 | CO-CtgCURN | ||
| 005 | 20250825223112.0 | ||
| 008 | 160627s2004 000 0 eng d | ||
| 020 | _a958972373X | ||
| 040 |
_aCO-CtgCURN _bspa _ccoctgcurn |
||
| 082 | 0 |
_a341.59 _bC13n |
|
| 100 | 1 | _aCadena Afanador, Walter Rene. | |
| 245 | 1 | 3 |
_aLa nueva lex mercatoria : _bla transnacionalizacion del derecho / _cinvestigador principal Walter Rene Cadena Afanador , investigadoras auxiliares Andrea del Pilar Arellano Cortes ... [et al.]. |
| 260 |
_aBogotá : _bUniversidad Libre. Facultad de Derecho y Ciencias PolĂticas, _c2004. |
||
| 300 | _a350 p. | ||
| 336 | _2rdacontent | ||
| 337 |
_2rdamedia _asin mediacion _bn |
||
| 338 |
_2rdacarrier _avolumen _bnc |
||
| 500 | _aConclusiones\Anexos. | ||
| 504 | _aBibliografia(p. 337.350) | ||
| 505 | 8 | _aLa globalizacion en el derecho internacional.--La naturaleza nueva Lex Mercatoria.--Las fuentes de la nueva Lex Mercatoria. Instituciones para la resolucion de conflictos sobre nueva Lex Mercatoria | |
| 650 | 0 |
_aGlobalizacion _vHistoria. |
|
| 908 | _a160627 | ||
| 942 |
_cBK _h341.59 _iC13n _2ddc |
||
| 999 |
_c49604 _d49604 _x1 |
||